[Event "24. Copenhagen Open  (Politiken Cup)"]
[Site "Copenhagen"]
[Date "2002.07.18"]
[Round "4"]
[White "Trarup, Jorgen"]
[Black "Rasmussen, Poul"]
[Result "0-1"]
[WhiteElo "1270"]
[BlackElo "1428"]
[PlyCount "90"]
[EventDate "2002.07.15"]
[EventType "swiss"]
[EventRounds "11"]
[EventCountry "DEN"]
[SourceDate "2004.01.01"]

1. e4 e6 2. c3 c5 3. Nf3 Nc6 4. Bb5 a6 5. Bxc6 dxc6 6. O-O Nf6 7. d3 Be7 8. Re1
O-O 9. Bg5 Nd7 10. Bxe7 Qxe7 11. d4 cxd4 12. Qxd4 e5 13. Qe3 Nf6 14. Nbd2 Bg4
15. h3 Bxf3 16. Qxf3 Qe6 17. Nf1 Rad8 18. Ng3 g6 19. Red1 Kg7 20. b3 Qe7 21. h4
h5 22. Nf1 Ng4 23. g3 Qc5 24. b4 Qb6 25. Ne3 Nxe3 26. Qxe3 Qxe3 27. fxe3 Kf6
28. Rf1+ Ke6 29. Rad1 b6 30. Kf2 Ke7 31. Ke2 Rxd1 32. Kxd1 Ke6 33. Ke2 b5 34.
Kd2 f5 35. exf5+ Rxf5 36. Rxf5 gxf5 37. Kd3 Kd5 38. a3 e4+ 39. Kd2 c5 40. Kc2
cxb4 41. Kb2 bxa3+ 42. Kxa3 Kc4 43. Kb2 Kd3 44. Kb3 Kxe3 45. Kb4 Kd2 0-1

[Event "24. Copenhagen Open  (Politiken Cup)"]
[Site "Copenhagen"]
[Date "2002.07.18"]
[Round "4"]
[White "Tretvold, Martin"]
[Black "Thestrup, Sixten"]
[Result "1-0"]
[WhiteElo "1801"]
[BlackElo "1430"]
[PlyCount "39"]
[EventDate "2002.07.15"]
[EventType "swiss"]
[EventRounds "11"]
[EventCountry "DEN"]
[SourceDate "2004.01.01"]

1. c4 e5 2. Nc3 Nc6 3. g3 Bc5 4. Nf3 d6 5. Bg2 f5 6. e3 e4 7. Ng1 Ne5 8. Nh3
Nd3+ 9. Kf1 Nf6 10. Nf4 Nxf4 11. gxf4 d5 12. Qb3 Be6 13. cxd5 Bxd5 14. Qb5+ Nd7
15. Nxd5 c6 16. Qxb7 cxd5 17. Qxd5 Rf8 18. d4 Bb6 19. Bd2 Rc8 20. Bb4 1-0

[Event "24. Copenhagen Open  (Politiken Cup)"]
[Site "Copenhagen"]
[Date "2002.07.18"]
[Round "4"]
[White "Volokitin, Alexander"]
[Black "Skjoldan, Benjamin"]
[Result "0-1"]
[WhiteElo "1600"]
[BlackElo "2024"]
[PlyCount "78"]
[EventDate "2002.07.15"]
[EventType "swiss"]
[EventRounds "11"]
[EventCountry "DEN"]
[SourceDate "2004.01.01"]

1. e4 c5 2. Nf3 Nc6 3. d4 cxd4 4. Nxd4 Nf6 5. Nc3 e5 6. Ndb5 d6 7. Bg5 a6 8.
Na3 b5 9. Nd5 Be7 10. Bxf6 Bxf6 11. c3 Ne7 12. Nxe7 Bxe7 13. Be2 O-O 14. Nc2
Bb7 15. Bf3 f5 16. Qd3 d5 17. exd5 e4 18. Bxe4 fxe4 19. Qxe4 Bxd5 20. Qg4 Bc5
21. O-O-O Qd6 22. Ne3 Bxe3+ 23. fxe3 Qe5 24. Rhe1 Bxa2 25. Rd4 Rac8 26. Kd2
Rf2+ 27. Re2 Rxe2+ 28. Kxe2 Re8 29. Qf4 Bc4+ 30. Kd2 Qxf4 31. Rxf4 Rd8+ 32. Rd4
Rxd4+ 33. cxd4 Bd5 34. g3 Be4 35. Kc3 a5 36. d5 Bxd5 37. Kd4 Bc4 38. e4 Kf7 39.
Ke5 a4 0-1

[Event "24. Copenhagen Open  (Politiken Cup)"]
[Site "Copenhagen"]
[Date "2002.07.18"]
[Round "4"]
[White "Ward, Christopher"]
[Black "Richards, Heather"]
[Result "1-0"]
[WhiteElo "2498"]
[BlackElo "2275"]
[PlyCount "53"]
[EventDate "2002.07.15"]
[EventType "swiss"]
[EventRounds "11"]
[EventCountry "DEN"]
[SourceDate "2004.01.01"]

1. c4 b6 2. e4 Bb7 3. Nc3 e6 4. d4 Bb4 5. f3 f5 6. exf5 Nh6 7. fxe6 O-O 8. Bd3
dxe6 9. Nge2 Qh4+ 10. g3 Qh5 11. Nf4 Qxf3 12. Qxf3 Bxc3+ 13. bxc3 Bxf3 14. O-O
Bg4 15. Ba3 Re8 16. Be4 c6 17. Rae1 g5 18. Nd3 Rc8 19. Bc1 Nf7 20. Rxf7 Kxf7
21. Ne5+ Kg7 22. Nxg4 h6 23. h4 h5 24. Ne5 gxh4 25. gxh4 a5 26. Kh2 Ra7 27.
Rg1+ 1-0

[Event "24. Copenhagen Open  (Politiken Cup)"]
[Site "Copenhagen"]
[Date "2002.07.19"]
[Round "5"]
[White "Andersen, Esben"]
[Black "Rossen, Claus"]
[Result "0-1"]
[WhiteElo "1690"]
[BlackElo "2185"]
[PlyCount "70"]
[EventDate "2002.07.15"]
[EventType "swiss"]
[EventRounds "11"]
[EventCountry "DEN"]
[SourceDate "2004.01.01"]

1. c4 e5 2. Nc3 Nc6 3. g3 Bb4 4. Bg2 f5 5. d3 Nf6 6. a3 Bxc3+ 7. bxc3 O-O 8.
Bg5 h6 9. Bxf6 Qxf6 10. e3 f4 11. gxf4 exf4 12. Bd5+ Kh8 13. Ne2 d6 14. h3 fxe3
15. fxe3 Bxh3 16. Kd2 Bg4 17. Qe1 Ne5 18. Rf1 Qxf1 19. Qxf1 Rxf1 20. Rxf1 c6
21. Be4 Bxe2 22. Kxe2 Re8 23. Bg2 Kg8 24. e4 Rf8 25. Rb1 Rf7 26. Bh3 Kh7 27.
Bc8 b6 28. Be6 Rf6 29. Bc8 h5 30. a4 g5 31. Ba6 g4 32. d4 Nf3 33. Bb7 c5 34. e5
dxe5 35. dxe5 Nxe5 0-1

[Event "24. Copenhagen Open  (Politiken Cup)"]
[Site "Copenhagen"]
[Date "2002.07.19"]
[Round "5"]
[White "Andreasen, Bjarke"]
[Black "Hein, Jacob"]
[Result "1-0"]
[WhiteElo "1616"]
[BlackElo "1305"]
[PlyCount "125"]
[EventDate "2002.07.15"]
[EventType "swiss"]
[EventRounds "11"]
[EventCountry "DEN"]
[SourceDate "2004.01.01"]

1. d4 Nf6 2. Nf3 d6 3. c4 g6 4. Nc3 Bg7 5. e4 O-O 6. Be3 Nbd7 7. Be2 Ng4 8. Bc1
e5 9. Nxe5 Ndxe5 10. dxe5 Nxf2 11. Kxf2 Bxe5 12. Be3 Be6 13. Qd3 f5 14. Kg1 f4
15. Bd4 Qg5 16. Bxe5 dxe5 17. Rd1 Rad8 18. Qf3 Rxd1+ 19. Bxd1 Bxc4 20. Bb3 Bxb3
21. axb3 Qf6 22. Nd5 Qd6 23. h3 c6 24. Nc3 Qd2 25. Qe2 Qe3+ 26. Qxe3 fxe3 27.
Kh2 Rf2 28. Rb1 b5 29. Kg1 Rd2 30. Nd1 e2 31. Ne3 e1=Q+ 32. Rxe1 Rxb2 33. Rc1
Rxb3 34. Kf2 Rb2+ 35. Kf3 a5 36. Rxc6 a4 37. Ra6 Rb3 38. Ke2 a3 39. Nd5 b4 40.
Ra7 Rb2+ 41. Kf3 a2 42. Nxb4 a1=Q 43. Rxa1 Rxb4 44. Ra5 Rb3+ 45. Kg4 Kf7 46.
Rxe5 Kf6 47. Ra5 Rb6 48. Kf4 Re6 49. e5+ Kf7 50. Ra7+ Re7 51. Rxe7+ Kxe7 52.
Kg5 Ke6 53. Kh6 Kxe5 54. Kxh7 g5 55. g4 Kf6 56. Kh6 Kf7 57. Kxg5 Kg7 58. h4 Kh7
59. h5 Kh8 60. Kh6 Kg8 61. g5 Kh8 62. g6 Kg8 63. g7 1-0

[Event "24. Copenhagen Open  (Politiken Cup)"]
[Site "Copenhagen"]
[Date "2002.07.19"]
[Round "5"]
[White "Bilfeldt, Anders"]
[Black "Manley, Christian"]
[Result "1-0"]
[WhiteElo "1287"]
[BlackElo "1469"]
[PlyCount "59"]
[EventDate "2002.07.15"]
[EventType "swiss"]
[EventRounds "11"]
[EventCountry "DEN"]
[SourceDate "2004.01.01"]

1. d4 d5 2. c4 e6 3. Nc3 Nf6 4. Bg5 Be7 5. e3 O-O 6. Nf3 c6 7. cxd5 exd5 8. Qc2
Be6 9. Bd3 Nbd7 10. Bf4 h6 11. O-O Nh5 12. Bg3 Ndf6 13. Ne2 Qd7 14. Rac1 Ng4
15. Nf4 Nxg3 16. hxg3 Bd6 17. Nxe6 fxe6 18. Qe2 h5 19. Bg6 Rf6 20. Bxh5 e5 21.
Nh4 Nh6 22. dxe5 Bxe5 23. Rc2 Qd6 24. f4 Raf8 25. Rcc1 Nf5 26. fxe5 Nxg3 27.
exd6 Nxe2+ 28. Bxe2 Rxd6 29. Rxf8+ Kxf8 30. Rf1+ 1-0

[Event "24. Copenhagen Open  (Politiken Cup)"]
[Site "Copenhagen"]
[Date "2002.07.19"]
[Round "5"]
[White "Bjerke, Silje"]
[Black "Raunkjar, Jonas"]
[Result "1-0"]
[WhiteElo "2064"]
[BlackElo "1702"]
[PlyCount "91"]
[EventDate "2002.07.15"]
[EventType "swiss"]
[EventRounds "11"]
[EventCountry "DEN"]
[SourceDate "2004.01.01"]

1. d4 Nf6 2. c4 g6 3. Nc3 d5 4. cxd5 Nxd5 5. e4 Nxc3 6. bxc3 Bg7 7. Be3 c5 8.
Qd2 O-O 9. Nf3 Bg4 10. Ng5 Qa5 11. h3 Bd7 12. Rc1 cxd4 13. cxd4 Qxd2+ 14. Kxd2
Nc6 15. d5 Nd4 16. Rc7 Rfd8 17. Rxb7 Rab8 18. Rxb8 Rxb8 19. Bc4 h6 20. Nf3 Rb2+
21. Kd3 Nc2 22. Bc5 Nb4+ 23. Bxb4 Rxb4 24. Nd2 f5 25. f3 Kf7 26. Re1 Rb2 27. e5
e6 28. d6 h5 29. h4 Bh6 30. Re2 Bf4 31. Kc3 Rb8 32. Nb3 Bg3 33. Nc5 Rd8 34. Kd4
Bxh4 35. Rb2 Bg3 36. Nxe6 Bf2+ 37. Rxf2 Bxe6 38. Bxe6+ Kxe6 39. Rb2 Rd7 40. f4
g5 41. fxg5 Rg7 42. Rb8 Rxg5 43. Re8+ Kd7 44. Re7+ Kc6 45. Rc7+ Kb6 46. Rc2 1-0

[Event "24. Copenhagen Open  (Politiken Cup)"]
[Site "Copenhagen"]
[Date "2002.07.19"]
[Round "5"]
[White "Bogdanov, Dimitri"]
[Black "Sylvan, Jacob"]
[Result "1/2-1/2"]
[WhiteElo "2096"]
[BlackElo "2259"]
[PlyCount "35"]
[EventDate "2002.07.15"]
[EventType "swiss"]
[EventRounds "11"]
[EventCountry "DEN"]
[SourceDate "2004.01.01"]

1. e4 c5 2. Nc3 Nc6 3. f4 g6 4. Nf3 Bg7 5. Bb5 Nd4 6. O-O Nxb5 7. Nxb5 d6 8. d3
a6 9. Nc3 b5 10. Qe1 Bb7 11. Qh4 e6 12. Qh3 Ne7 13. Be3 Qc7 14. Rae1 h5 15. Ng5
Bc8 16. Qf3 Bb7 17. Qh3 Bc8 18. Qf3 1/2-1/2

[Event "24. Copenhagen Open  (Politiken Cup)"]
[Site "Copenhagen"]
[Date "2002.07.19"]
[Round "5"]
[White "Bogdanov, Max"]
[Black "Rosenkilde, Alexander"]
[Result "0-1"]
[WhiteElo "1302"]
[BlackElo "1639"]
[PlyCount "54"]
[EventDate "2002.07.15"]
[EventType "swiss"]
[EventRounds "11"]
[EventCountry "DEN"]
[SourceDate "2004.01.01"]

1. d4 d5 2. c4 e6 3. Nc3 Nf6 4. cxd5 exd5 5. Bf4 Bf5 6. e3 c6 7. Nf3 Nbd7 8.
Bd3 Bxd3 9. Qxd3 Bb4 10. O-O O-O 11. a3 Ba5 12. b4 Bc7 13. Bxc7 Qxc7 14. a4 Nb6
15. Nd2 Ng4 16. g3 Qd6 17. Rfb1 Qh6 18. Nf3 Nc4 19. b5 Rfe8 20. Re1 Re6 21. e4
Rf6 22. Ra2 Re8 23. Rae2 Nce3 24. Nh4 g5 25. fxe3 gxh4 26. Rf1 Rxf1+ 27. Kxf1
hxg3 0-1

[Event "24. Copenhagen Open  (Politiken Cup)"]
[Site "Copenhagen"]
[Date "2002.07.19"]
[Round "5"]
[White "Borvander, Tom"]
[Black "Dominguez, Lenier"]
[Result "0-1"]
[WhiteElo "2166"]
[BlackElo "2613"]
[PlyCount "118"]
[EventDate "2002.07.15"]
[EventType "swiss"]
[EventRounds "11"]
[EventCountry "DEN"]
[SourceDate "2004.01.01"]

1. d4 d5 2. c4 c6 3. Nf3 Nf6 4. Nc3 e6 5. Bg5 dxc4 6. e4 b5 7. e5 h6 8. Bh4 g5
9. Nxg5 hxg5 10. Bxg5 Nbd7 11. g3 Qa5 12. exf6 Ba6 13. Be2 O-O-O 14. O-O b4 15.
Ne4 Qf5 16. f3 Nc5 17. Nxc5 Bxc5 18. Qc1 Bxd4+ 19. Be3 Qxf6 20. Bxd4 Qxd4+ 21.
Kg2 Qd2 22. Rf2 Qxc1 23. Rxc1 Rd2 24. h4 Rxb2 25. Bxc4 Rxf2+ 26. Kxf2 Bb7 27.
Bb3 Kd7 28. Ke3 a5 29. Rc5 Ra8 30. Ba4 Kd6 31. Kd4 f6 32. Rc1 c5+ 33. Ke3 Bd5
34. Rc2 c4 35. h5 Kc5 36. h6 Rh8 37. Rh2 b3 38. axb3 cxb3 39. Kd3 Kb4 40. Rh4+
Ka3 41. h7 b2 42. Bc2 Bb3 43. Bb1 Ba2 44. Bc2 b1=Q 45. Ra4+ Kb2 46. Bxb1 Bxb1+
47. Ke3 Rxh7 48. Rxa5 Ba2 49. Rc5 Kb3 50. Ra5 Rh2 51. Rc5 Kb4 52. Rc7 Bc4 53.
g4 Kc3 54. f4 Rh3+ 55. Ke4 Rg3 56. f5 Rxg4+ 57. Kf3 exf5 58. Rc6 Kd4 59. Rxf6
Ke5 0-1

[Event "24. Copenhagen Open  (Politiken Cup)"]
[Site "Copenhagen"]
[Date "2002.07.19"]
[Round "5"]
[White "Brinck Claussen, Bjorn"]
[Black "Norton, Craig"]
[Result "1/2-1/2"]
[WhiteElo "2369"]
[BlackElo "1832"]
[PlyCount "44"]
[EventDate "2002.07.15"]
[EventType "swiss"]
[EventRounds "11"]
[EventCountry "DEN"]
[SourceDate "2004.01.01"]

1. e4 c5 2. Nf3 d6 3. d4 cxd4 4. Nxd4 Nf6 5. Nc3 g6 6. Be3 Bg7 7. f3 Nc6 8. Qd2
O-O 9. Bc4 Bd7 10. h4 Ne5 11. Bb3 Qa5 12. h5 Nxh5 13. Bh6 Bxh6 14. Qxh6 Rfc8
15. O-O-O Rxc3 16. bxc3 Nf6 17. Kb1 Rc8 18. Ne2 Bb5 19. Nf4 Bc4 20. g4 Qxc3 21.
g5 Bxb3 22. cxb3 Qc2+ 1/2-1/2

[Event "24. Copenhagen Open  (Politiken Cup)"]
[Site "Copenhagen"]
[Date "2002.07.19"]
[Round "5"]
[White "Brondum, Eric"]
[Black "Vang, Finnbjorn"]
[Result "1/2-1/2"]
[WhiteElo "2219"]
[BlackElo "1937"]
[PlyCount "57"]
[EventDate "2002.07.15"]
[EventType "swiss"]
[EventRounds "11"]
[EventCountry "DEN"]
[SourceDate "2004.01.01"]

1. Nf3 Nf6 2. g3 d5 3. Bg2 g6 4. b3 Bg7 5. Bb2 O-O 6. c4 c6 7. O-O Bg4 8. d3
Re8 9. Nbd2 Na6 10. h3 Bf5 11. Rc1 Rc8 12. a3 h5 13. b4 Nb8 14. Qc2 b5 15. cxb5
cxb5 16. Qb1 Nc6 17. Nb3 e5 18. Rxc6 Rxc6 19. Nxe5 Rc7 20. e3 Nd7 21. Nxd7 Qxd7
22. Bxg7 Kxg7 23. Nc5 Qc8 24. h4 Bh3 25. Qb3 Bxg2 26. Kxg2 d4 27. e4 Rd8 28. f4
a5 29. f5 1/2-1/2

[Event "24. Copenhagen Open  (Politiken Cup)"]
[Site "Copenhagen"]
[Date "2002.07.19"]
[Round "5"]
[White "Cech, Pavel"]
[Black "Lilja, Richard"]
[Result "1-0"]
[WhiteElo "2316"]
[BlackElo "2123"]
[PlyCount "75"]
[EventDate "2002.07.15"]
[EventType "swiss"]
[EventRounds "11"]
[EventCountry "DEN"]
[SourceDate "2004.01.01"]

1. d4 g6 2. c4 Bg7 3. Nc3 Nf6 4. Nf3 d6 5. g3 O-O 6. Bg2 Nc6 7. O-O a6 8. h3 e5
9. d5 Ne7 10. e4 b5 11. Re1 bxc4 12. Nd2 Ne8 13. Nxc4 Bd7 14. f4 Bb5 15. Qb3
Rb8 16. fxe5 Bxc4 17. Qxc4 Bxe5 18. Bf4 Rxb2 19. Bxe5 dxe5 20. Qxa6 Qd6 21.
Qxd6 Nxd6 22. a4 f5 23. a5 Nec8 24. a6 Na7 25. exf5 Rxf5 26. Ne4 Nxe4 27. Bxe4
Rff2 28. Reb1 Kf8 29. Rxb2 Rxb2 30. Rc1 Rb6 31. Rxc7 Rxa6 32. Rxh7 Nb5 33. Bd3
Ra1+ 34. Kf2 Nd4 35. d6 Ra2+ 36. Ke3 Ra3 37. Rh8+ Kg7 38. d7 1-0

[Event "24. Copenhagen Open  (Politiken Cup)"]
[Site "Copenhagen"]
[Date "2002.07.19"]
[Round "5"]
[White "Christensen, Christian"]
[Black "Hesselberg, Leif"]
[Result "1-0"]
[WhiteElo "2131"]
[BlackElo "1825"]
[PlyCount "105"]
[EventDate "2002.07.15"]
[EventType "swiss"]
[EventRounds "11"]
[EventCountry "DEN"]
[SourceDate "2004.01.01"]

1. e4 Nf6 2. e5 Nd5 3. d4 d6 4. Nf3 Bg4 5. Be2 Nc6 6. exd6 exd6 7. O-O Be7 8.
h3 Bh5 9. Nbd2 O-O 10. Nc4 Re8 11. c3 Qd7 12. Bd2 Bf6 13. Re1 a5 14. a4 Nce7
15. Nh2 Bxe2 16. Rxe2 g6 17. Ng4 Bh8 18. Bg5 Nf5 19. Nce3 Ndxe3 20. Nxe3 Nxe3
21. Bxe3 Re4 22. Qd3 Rae8 23. f3 R4e6 24. b3 Qe7 25. Rae1 Bf6 26. Kf2 b6 27.
Bf4 Qd7 28. Rxe6 Rxe6 29. Rxe6 Qxe6 30. Qe4 Qd7 31. c4 Kg7 32. d5 Qe7 33. Qxe7
Bxe7 34. Ke3 Bf6 35. Kd3 Kf8 36. c5 bxc5 37. Bd2 Ke7 38. Bxa5 Kd7 39. b4 cxb4
40. Bxb4 c6 41. dxc6+ Kxc6 42. Bc3 Bd8 43. Bd4 Kd5 44. Bc3 Bb6 45. a5 Ba7 46.
a6 f5 47. Bd2 Kc6 48. Bf4 Bf2 49. Kc4 d5+ 50. Kd3 Kb6 51. Be3+ Bxe3 52. Kxe3
Kxa6 53. Kd4 1-0

[Event "24. Copenhagen Open  (Politiken Cup)"]
[Site "Copenhagen"]
[Date "2002.07.19"]
[Round "5"]
[White "Christensen, Christoffer"]
[Black "Hansen, Erik Friberg"]
[Result "1-0"]
[WhiteElo "1464"]
[BlackElo "1165"]
[PlyCount "86"]
[EventDate "2002.07.15"]
[EventType "swiss"]
[EventRounds "11"]
[EventCountry "DEN"]
[SourceDate "2004.01.01"]

1. e4 c5 2. Nf3 Nc6 3. d4 cxd4 4. Nxd4 e5 5. Nb3 Nf6 6. f3 d6 7. Nc3 Be6 8. Bg5
Be7 9. Qd2 O-O 10. O-O-O a6 11. h4 Nh5 12. g4 Ng3 13. Rh3 Nxf1 14. Rxf1 f6 15.
Be3 b5 16. Nd5 Rb8 17. Rhh1 Kf7 18. g5 Ke8 19. Rfg1 Kd7 20. Rd1 a5 21. gxf6
gxf6 22. Rhg1 Rg8 23. Rxg8 Bxg8 24. Nxf6+ Kc8 25. Nxg8 Qxg8 26. Qc3 Qc4 27.
Qxc4 bxc4 28. Nd2 Kc7 29. Nxc4 a4 30. h5 Nd8 31. f4 Nf7 32. f5 Rb4 33. b3 axb3
34. cxb3 Rb8 35. Rg1 Bf8 36. Kc2 Kc6 37. Rg8 Kc7 38. Nb6 Bh6 39. Rxb8 Kxb8 40.
Bxh6 Nxh6 41. Nd7+ Kc7 42. Nf6 Nf7 43. Nxh7 Nh6 1-0

[Event "24. Copenhagen Open  (Politiken Cup)"]
[Site "Copenhagen"]
[Date "2002.07.19"]
[Round "5"]
[White "Christensen, Janus"]
[Black "Christensen, Esben"]
[Result "0-1"]
[WhiteElo "1961"]
[BlackElo "2099"]
[PlyCount "108"]
[EventDate "2002.07.15"]
[EventType "swiss"]
[EventRounds "11"]
[EventCountry "DEN"]
[SourceDate "2004.01.01"]

1. e4 c5 2. c3 e6 3. d4 cxd4 4. cxd4 Nf6 5. Nc3 d6 6. Bg5 Be7 7. f4 h6 8. Bxf6
gxf6 9. Nf3 a6 10. Qb3 Nc6 11. d5 Na5 12. Qb4 e5 13. f5 Bd7 14. a4 O-O 15. Be2
Qc7 16. Rc1 Bd8 17. Qa3 Qb6 18. b4 Qe3 19. Nd2 Rc8 20. Rf1 Nc4 21. Nxc4 Rxc4
22. Rf3 Qg1+ 23. Kd2 Rd4+ 24. Kc2 Qxh2 25. Rcf1 Re8 26. b5 Bc7 27. bxa6 bxa6
28. Qc1 Kf8 29. Rh3 Qxg2 30. Rxh6 Bxa4+ 31. Kb1 Rb8+ 32. Ka1 Ke7 33. Rg1 Qf2
34. Rxf6 Qf4 35. Qxf4 exf4 36. Rh6 Ba5 37. f6+ Kd7 38. Rc1 Bd1 39. Bxd1 Bxc3+
40. Rxc3 Rxd1+ 41. Ka2 Rd4 42. Rh7 Rxe4 43. Rxf7+ Ke8 44. Rh7 Ra4+ 45. Ra3 Rbb4
46. Re7+ Kf8 47. Re6 f3 48. Re1 f2 49. Rf1 Rxa3+ 50. Kxa3 Rf4 51. Kb3 Kf7 52.
Kc3 Kxf6 53. Kd3 Ke5 54. Ke3 Rf5 0-1

[Event "24. Copenhagen Open  (Politiken Cup)"]
[Site "Copenhagen"]
[Date "2002.07.19"]
[Round "5"]
[White "Cohen, Ronnie"]
[Black "Hau, Helge"]
[Result "1/2-1/2"]
[WhiteElo "1800"]
[BlackElo "1503"]
[PlyCount "156"]
[EventDate "2002.07.15"]
[EventType "swiss"]
[EventRounds "11"]
[EventCountry "DEN"]
[SourceDate "2004.01.01"]

1. d4 f5 2. c4 Nf6 3. Nc3 g6 4. Nf3 Bg7 5. e3 b6 6. Be2 Bb7 7. O-O e6 8. Bd2
Nc6 9. Rc1 Ne4 10. Be1 Ne7 11. Qb3 Nxc3 12. Bxc3 O-O 13. Bb4 d6 14. Rfd1 Nc6
15. Be1 Kh8 16. c5 d5 17. cxb6 axb6 18. Rc2 Na5 19. Bxa5 Rxa5 20. Rdc1 Rf7 21.
Bb5 Ra7 22. Bc6 h6 23. a3 Bc8 24. Rc3 Ba6 25. Qc2 Bf6 26. Nd2 Qb8 27. Qd1 Kh7
28. b4 Re7 29. Rb3 b5 30. Rbc3 h5 31. Nb3 Bc8 32. Na5 Rg7 33. Rc5 Ba6 34. Qe2
Be7 35. R5c3 Qb6 36. Qc2 Bd6 37. Nb3 Bc8 38. Na5 Ba6 39. Rb3 Bc8 40. Be8 Bd7
41. Bxd7 Rxd7 42. Qc6 Qxc6 43. Nxc6 Ra8 44. Rbc3 f4 45. Na5 fxe3 46. fxe3 e5
47. Nb7 exd4 48. exd4 Bf4 49. Rf1 g5 50. g3 Bd6 51. Nxd6 cxd6 52. Rf5 Kg6 53.
Rxd5 Rb8 54. Rc6 Rbd8 55. Rxb5 Ra7 56. Rbb6 Rxa3 57. Rxd6+ Rxd6 58. Rxd6+ Kf5
59. Rd5+ Kg4 60. Re5 Kf3 61. Rf5+ Kg4 62. Rf2 Rb3 63. d5 Rxb4 64. Rd2 Rb7 65.
Kf2 Kf5 66. Ke3 Ke5 67. h3 Rb3+ 68. Kf2 Kd6 69. Ra2 g4 70. Ra6+ Kxd5 71. Ra5+
Ke4 72. Ra4+ Kf5 73. hxg4+ hxg4 74. Ra5+ Ke4 75. Ra4+ Kf5 76. Ra5+ Ke4 77. Ra4+
Kf5 78. Ra5+ Ke4 1/2-1/2

[Event "24. Copenhagen Open  (Politiken Cup)"]
[Site "Copenhagen"]
[Date "2002.07.19"]
[Round "5"]
[White "Dalsberg, Sandra de Blecourt"]
[Black "Rusanov, Alex"]
[Result "1-0"]
[WhiteElo "2082"]
[BlackElo "1429"]
[PlyCount "115"]
[EventDate "2002.07.15"]
[EventType "swiss"]
[EventRounds "11"]
[EventCountry "DEN"]
[SourceDate "2004.01.01"]

1. d4 Nf6 2. Bg5 d5 3. Bxf6 exf6 4. e3 Bf5 5. Bd3 Bxd3 6. Qxd3 Nd7 7. Ne2 Nb6
8. Nd2 Bd6 9. O-O O-O 10. e4 c5 11. exd5 Nxd5 12. dxc5 Bxc5 13. Ne4 Bb6 14.
Rad1 Ne7 15. Qg3 Qc7 16. Qxc7 Bxc7 17. Rd7 Bd8 18. Rxb7 Nc6 19. Nf4 f5 20. Nc5
Bg5 21. Nfd3 Rfe8 22. f4 Bf6 23. c3 Na5 24. Rd7 Nc4 25. Kf2 Rab8 26. Nb3 a5 27.
Re1 Rxe1 28. Kxe1 a4 29. Nd4 Nxb2 30. Nb4 Re8+ 31. Kd2 Nc4+ 32. Kd3 Nb2+ 33.
Kd2 Nc4+ 34. Kd3 Nb2+ 35. Kc2 Nc4 36. Nd5 Bxd4 37. cxd4 Kf8 38. Kc3 Rc8 39. Rc7
Rxc7 40. Nxc7 Ne3 41. g3 Nf1 42. Nd5 Nxh2 43. Ne3 g6 44. Kb4 Ng4 45. Nf1 Ke7
46. Kxa4 Nf2 47. Kb5 Kd7 48. Kb6 Ne4 49. a4 Nc3 50. a5 Nd5+ 51. Kc5 Nc7 52. Ne3
Ne6+ 53. Kc4 Kd6 54. Nd5 h6 55. a6 Kc6 56. Nb4+ Kb6 57. d5 Nc5 58. a7 1-0

[Event "24. Copenhagen Open  (Politiken Cup)"]
[Site "Copenhagen"]
[Date "2002.07.19"]
[Round "5"]
[White "Dogru, Latif"]
[Black "Nielsen, Jorgen Kamp"]
[Result "1-0"]
[WhiteElo "1224"]
[BlackElo "1400"]
[PlyCount "85"]
[EventDate "2002.07.15"]
[EventType "swiss"]
[EventRounds "11"]
[EventCountry "DEN"]
[SourceDate "2004.01.01"]

1. e4 Nf6 2. e5 Nd5 3. c4 Nb6 4. Qb3 e6 5. Nc3 c6 6. d4 Be7 7. Bd3 O-O 8. Nge2
d6 9. exd6 Bf6 10. c5 Nd5 11. Bd2 b6 12. Qc2 g6 13. Bh6 Nb4 14. Qd2 Nxd3+ 15.
Qxd3 Re8 16. O-O Ba6 17. Qd2 e5 18. Be3 exd4 19. Bxd4 Bxe2 20. Bxf6 Qxf6 21.
Nxe2 bxc5 22. Rfe1 Nd7 23. Nc3 Qd4 24. Qxd4 cxd4 25. Ne2 d3 26. Nf4 Rxe1+ 27.
Rxe1 d2 28. Rd1 Re8 29. Kf1 Re4 30. Ne2 Re8 31. Rxd2 Rd8 32. Ng3 f5 33. f4 Nf6
34. Ke2 Nd5 35. Nf1 Nxf4+ 36. Kf3 Nd5 37. Ne3 Rxd6 38. Nxd5 cxd5 39. Kf4 Kf7
40. Ke5 Ke7 41. Rxd5 Re6+ 42. Kd4 Re2 43. Re5+ 1-0

[Event "24. Copenhagen Open  (Politiken Cup)"]
[Site "Copenhagen"]
[Date "2002.07.19"]
[Round "5"]
[White "El Kher, Henrik"]
[Black "Ekeberg, Carl Fredrik"]
[Result "1-0"]
[WhiteElo "2355"]
[BlackElo "2213"]
[PlyCount "43"]
[EventDate "2002.07.15"]
[EventType "swiss"]
[EventRounds "11"]
[EventCountry "DEN"]
[SourceDate "2004.01.01"]

1. e4 c5 2. Nc3 Nc6 3. f4 g6 4. Nf3 Bg7 5. Bb5 Nd4 6. O-O Nxb5 7. Nxb5 d5 8. e5
h5 9. d4 c4 10. b3 a6 11. Nc3 cxb3 12. cxb3 Nh6 13. Qd2 Nf5 14. a4 b6 15. a5 b5
16. Ba3 Bh6 17. Bc5 f6 18. Bb6 Qd7 19. Na2 Rg8 20. Rac1 g5 21. exf6 Qe6 22.
fxg5 1-0

[Event "24. Copenhagen Open  (Politiken Cup)"]
[Site "Copenhagen"]
[Date "2002.07.19"]
[Round "5"]
[White "Eriksson, Magnus"]
[Black "Glud, Jakob Vang"]
[Result "0-1"]
[WhiteElo "2010"]
[BlackElo "2180"]
[PlyCount "54"]
[EventDate "2002.07.15"]
[EventType "swiss"]
[EventRounds "11"]
[EventCountry "DEN"]
[SourceDate "2004.01.01"]

1. e4 e5 2. Nf3 Nc6 3. Bb5 a6 4. Bxc6 dxc6 5. O-O Bd6 6. d3 Bg4 7. Nbd2 Ne7 8.
h3 Bh5 9. Nc4 f6 10. Re1 O-O 11. Bd2 Kh8 12. Bc3 c5 13. Ne3 Nc6 14. Nf5 Nd4 15.
Bxd4 cxd4 16. Ng3 Bf7 17. Nf5 c5 18. g4 c4 19. h4 cxd3 20. cxd3 Qd7 21. h5 Bb4
22. Re2 g6 23. hxg6 hxg6 24. N3h4 gxf5 25. Nxf5 Be6 26. f3 Bxf5 27. exf5 Kg7
0-1

[Event "24. Copenhagen Open  (Politiken Cup)"]
[Site "Copenhagen"]
[Date "2002.07.19"]
[Round "5"]
[White "Frank Nielsen, Marie"]
[Black "Lie, Terje"]
[Result "1-0"]
[WhiteElo "1544"]
[BlackElo "1913"]
[PlyCount "103"]
[EventDate "2002.07.15"]
[EventType "swiss"]
[EventRounds "11"]
[EventCountry "DEN"]
[SourceDate "2004.01.01"]

1. e4 d6 2. d4 Nf6 3. Nc3 g6 4. Nf3 Bg7 5. Bg5 O-O 6. Qd2 Re8 7. O-O-O Bg4 8.
Be2 c6 9. h3 Bxf3 10. Bxf3 Qc7 11. g4 a5 12. h4 a4 13. h5 a3 14. b3 Qd7 15. Rh4
Nxh5 16. gxh5 f6 17. Be3 g5 18. Rg4 h6 19. Ne2 Qc7 20. Ng3 Qb6 21. Nf5 Bf8 22.
Rdg1 Kf7 23. Be2 Rd8 24. f4 e6 25. d5 c5 26. dxe6+ Kxe6 27. fxg5 fxg5 28. Bc4+
Kd7 29. e5 Ra4 30. bxa4 Qb2+ 31. Kd1 Qxe5 32. Qd5 Nc6 33. Qxe5 Nxe5 34. Bb5+
Kc7 35. R4g3 Kb6 36. Bc1 d5 37. Bxa3 d4 38. Kd2 g4 39. Rf1 Rd5 40. Rb1 Kc7 41.
Nh4 Bd6 42. Rg2 Be7 43. Ng6 Nxg6 44. hxg6 Rg5 45. Rbg1 h5 46. Be2 Rxg6 47. Rh1
g3 48. Rxh5 Bd6 49. Bxc5 Bf4+ 50. Kd3 Be3 51. Bxd4 Bf2 52. Bxf2 1-0

[Event "24. Copenhagen Open  (Politiken Cup)"]
[Site "Copenhagen"]
[Date "2002.07.19"]
[Round "5"]
[White "Gutierrez Castillo, Paloma"]
[Black "Soraas, Torben"]
[Result "1/2-1/2"]
[WhiteElo "2088"]
[BlackElo "1776"]
[PlyCount "76"]
[EventDate "2002.07.15"]
[EventType "swiss"]
[EventRounds "11"]
[EventCountry "DEN"]
[SourceDate "2004.01.01"]

1. e4 e6 2. Nf3 d5 3. Nc3 Nf6 4. e5 Nfd7 5. d4 c5 6. dxc5 Bxc5 7. Bd3 Nc6 8.
Bf4 Nb4 9. Be2 Nc6 10. Bd3 Nb4 11. Be2 Nc6 $11 12. O-O Nb6 13. a3 Bd7 14. Bd3
Be7 15. b3 Rc8 16. Ne2 a5 17. Ng3 h5 18. Qd2 a4 19. Ng5 Nxe5 20. Nxe6 Nf3+ 21.
gxf3 Bxe6 22. bxa4 Bf6 23. Bb5+ Kf8 24. Rad1 Bc3 25. Qd3 Bh3 26. Nf5 Qf6 27.
Bd6+ Kg8 28. Ne7+ Kf8 29. Nxc8+ Kg8 30. Ne7+ Kf8 31. Nxd5+ Qxd6 32. Nxc3 Qxd3
33. Rxd3 Rh6 34. Rd8+ Ke7 35. Re8+ Kf6 36. Rd1 Rg6+ 37. Kh1 Bg2+ 38. Kg1 Bh3+
1/2-1/2